000 00592nam a2200229 a 4500
001 0001-1121
003 ELIB.Books
008 150430 2010 eng
020 _a0385247672
035 _a(ELIB.Books)0001-1276
092 _a225.6
_bBro
100 _aBrown, Ramond E.
245 _aAn Introduction to the New Testament
260 _aNew York
_bDoubleday
_c1997
300 _a878
_c24 Cm
650 _aNew Testament
856 _nKBTS: Library
_uKBTS: Elib
942 _2ddc
_cBK
990 _a1
998 _cbat
_e2015-04-30
_mcat
_u2018-11-30
999 _c11121
_d11121